书目信息 |
| 题名: |
当我遇上语文味
|
|
| 作者: | 何泗忠 著 | |
| 分册: | ||
| 出版信息: | 长春 东北师范大学出版社 2020 |
|
| 页数: | 201页 | |
| 开本: | 24cm | |
| 丛书名: | 名师名校名校长书系 | |
| 单 册: | ||
| 中图分类: | G633.302-53 , G633.302 | |
| 科图分类: | ||
| 主题词: | 中学语文课--教学研究--文集 | |
| 电子资源: | ||
| ISBN: | 978-7-5681-7023-9 | |
| 000 | 00979oam2 2200253 450 | |
| 001 | 2374192205 | |
| 005 | 20231022203644.70 | |
| 010 | @a978-7-5681-7023-9@dCNY45.00 | |
| 100 | @a20210107d2020 em y0chiy50 ea | |
| 101 | 0 | @achi |
| 102 | @aCN@b220000 | |
| 105 | @aa z 000yy | |
| 200 | 1 | @a当我遇上语文味@Adang wo yu shang yu wen wei@e我对语文味教学法的理解与实践@f何泗忠著 |
| 210 | @a长春@c东北师范大学出版社@d2020 | |
| 215 | @a201页@c图@d24cm | |
| 225 | 1 | @a名师名校名校长书系 |
| 330 | @a本书分为上篇理论探索、下篇教学实践两篇,其中理论探索篇收录了《程少堂代表课与黄山之美》《语文味教学法在诗歌阅读教学中的运用》《让学生诗意地畅游在诗歌的长河中》等六篇文章;教学实践篇收录了《雨巷》《记念刘和珍君》《愚公移山》等八篇教学实录。 | |
| 410 | 0 | @12001 @a名师名校名校长书系 |
| 606 | 0 | @a中学语文课@x教学研究@j文集 |
| 690 | @aG633.302-53@v5 | |
| 690 | @aG633.302@v4 | |
| 701 | 0 | @a何泗忠@Ahe si zhong@4著 |
| 801 | 0 | @aCN@b91MARC@c20210317 |
| 905 | @aZUCC@dG633.302@e354 | |
| 当我遇上语文味:我对语文味教学法的理解与实践/何泗忠著.-长春:东北师范大学出版社,2020 |
| 201页:图;24cm.-(名师名校名校长书系) |
| ISBN 978-7-5681-7023-9:CNY45.00 |
| 本书分为上篇理论探索、下篇教学实践两篇,其中理论探索篇收录了《程少堂代表课与黄山之美》《语文味教学法在诗歌阅读教学中的运用》《让学生诗意地畅游在诗歌的长河中》等六篇文章;教学实践篇收录了《雨巷》《记念刘和珍君》《愚公移山》等八篇教学实录。 |
| ● |
| 相关链接 |
|
|
|
正题名:当我遇上语文味
索取号:G633.302/354
 
预约/预借
| 序号 | 登录号 | 条形码 | 馆藏地/架位号 | 状态 | 备注 |
| 1 | 2001033489 | 2001033489 | 悦读、辽宁混合/悦读天下/辽批198/ [索取号:G633.302/354] | 在馆 | |
| 2 | 2001033490 | 2001033490 | 悦读、辽宁混合/悦读天下/辽批198/ [索取号:G633.302/354] | 在馆 | |
| 3 | 2001033491 | 2001033491 | 悦读、辽宁混合/悦读天下/辽批198/ [索取号:G633.302/354] | 在馆 | |
| 4 | 2001033492 | 2001033492 | 悦读、辽宁混合/悦读天下/辽批198/ [索取号:G633.302/354] | 在馆 | |
| 5 | 2001033493 | 2001033493 | 悦读、辽宁混合/悦读天下/辽批198/ [索取号:G633.302/354] | 在馆 | |
| 6 | 2001033494 | 2001033494 | 悦读、辽宁混合/悦读天下/辽批198/ [索取号:G633.302/354] | 在馆 |